01269nam a2200301Ma 4500001002000000003000700020005001700027007000700044008004100051040002500092020002500117020002200142035002100164050002700185082001600212100002100228245005800249260004600307300002100353500004400374655002500418856009300443856010100536942000700637506015000644506015400794999001900948goinghomestee00steeCaSfIA20210118090240.0cr||||000505t19911973nyu d 000 1 eng d aTnLvILScGSCdCaSfIA a9780671749415 (pbk.) a0671749412 (pbk.) a(OCoLC)466140805 4aPS3569.T33828bG6 199104a813/.542211 aSteel, Danielle.10aGoing home /h[electronic resource] cDanielle Steel. aNew York :bPocket Books,c[1991], c1973. a385 p. ;c18 cm. a"Her unforgettable first novel"--Cover. 7aLove stories.2gsafd41uhttp://www.archive.org/details/goinghomestee00steezFree eBook from the Internet Archive42uhttp://www.openlibrary.org/books/OL24208384MzAdditional information and access via Open Library cEB fНеобхідна авторизація на https://archive.org/ (створення облікового запису безкоштовно) fНеобхідна авторизація на https://openlibrary.org/ (створення облікового запису безкоштовно) c501852d501852